000 00749nam a22002657a 4500
001 8893
003 FISKH
005 20251030094821.0
008 251030b cb ||||| |||| 00| 0 eng d
020 _a033500819391
040 _aFISKH
_beng
_cFISKH
_dFISKH
050 _aPZ7.M462 I
082 _a152.4
100 _aMayer, Mercer
245 _aI was so mad /
_cby Mercer Mayer
260 _aNew York :
_bA Golden Book,
_c1983.
300 _a24 unnumbered pages :
_bcolor illustrations ;
_c21 cm
505 _aJ
520 _aA child tries a variety of ways to dissolve anger.
521 8 _a430
_bLexile AD
521 8 _aJ
_bRaz-Plus
650 _aAnger
_vChildren's books
_xPicture book
942 _2ddc
_cBK
_n0
999 _c8893
_d8893